00692nam a22001937a 450000500170000001000150001702000270003203500130005903700130007208200140008510000170009924501870011625000130030326000310031627000830034730000250043050000190045570000240047420160805130539.0 aENG-115615 a9789351437192c1295.00 aEN-99147 bDBAD/PUB a344.54099 aMudgal,Mukul aLaw and sport in India development issues and challenges :cby Mukul Mudgal [and] Viduspat Singhaniabintroducing chapters on the IPL probe report and the commonwealth games, 2010 / a.2nd ed. aGurgaonbLexis Nexisc2016 a14th Floor, Building No.10, Tower-B, DLF Cyber City, Phase-IIbGurgaone122002 axxx,1181p.c25cm(Hb) aIncludes index aSinghania,Vidushpat